Principios del derecho económico /

Detalles Bibliográficos
Autor principal: Mossa, Lorenzo, 1886-1957 (Autor)
Otros Autores: Agurto Gonzáles, Carlos Antonio (Editor), Quequejana Mamani, Sonia Lidia (Editor), Choque Cuenca, Benigno (Editor), Polo, Antonio (Traductor)
Formato: Electrónico eBook
Lenguaje:español
Publicado: Santiago, Chile : Ediciones Olejnik, [2024]
Colección:Biblioteca de derecho comercial.
Materias:
Acceso en línea:Digitalia Hispánica

MARC

LEADER 00000nam a2200000Ii 4500
001 DIGOLEJNK1505
003 NyNyDIG
006 m o d
007 cr |||||||||||
008 251203s2024 cl o 000 0 spa d
035 |a (OCoLC)1434138508 
040 |a DGITA  |b eng  |e rda  |e pn  |c DGITA 
020 |z 9789564074580 
043 |a e-it--- 
050 1 4 |a KKH3190 ebook 
100 1 |a Mossa, Lorenzo,  |d 1886-1957,  |e author. 
245 1 0 |a Principios del derecho económico /  |c Lorenzo Mossa ; edición al cuidado de Carlos Antonio Agurto Gonzáles, Sonia Lidia Quequejana Mamani, Benigno Choque Cuenca ; traducción de Antonio Polo. 
264 1 |a Santiago, Chile :  |b Ediciones Olejnik,  |c [2024] 
300 |a 1 online resource. 
336 |a text  |b txt  |2 rdacontent 
337 |a computer  |b c  |2 rdamedia 
338 |a online resource  |b cr  |2 rdacarrier 
347 |a text file  |2 rdaft 
347 |b PDF 
490 1 |a Biblioteca de derecho comercial 
588 0 |a Online resource; title from PDF title page (Digitalia, viewed December 3, 2025) 
650 0 |a Law and economics  |z Italy. 
650 0 |a Law  |x Economic aspects  |z Italy. 
700 1 |a Agurto Gonzáles, Carlos Antonio,  |e editor. 
700 1 |a Quequejana Mamani, Sonia Lidia,  |e editor. 
700 1 |a Choque Cuenca, Benigno,  |e editor. 
700 1 |a Polo, Antonio,  |e translator. 
791 2 |a Digitalia (Firm),  |e distributor. 
793 0 |g Digitalia eBook Collection:  |a Ediciones Olejnik 
776 0 8 |i Print version:  |a Mossa, Lorenzo, 1886-1957.  |t Principios del derecho económico.  |b Primera edición en Ediciones Olejnik.  |d Santiago, Chile : Ediciones Olejnik, 2024  |z 9789564074580 
830 0 |a Biblioteca de derecho comercial. 
856 4 0 |3 Digitalia Hispánica  |u https://www.digitaliapublishing.com/a/158024/ 
910 |a Premium collection: 2025